Numerical methods with programs in BASIC,FORTRAN and PASCAL / (Record no. 10917)
[ view plain ]
| 000 -LEADER | |
|---|---|
| fixed length control field | 00646cam a2200229ua 4500 |
| 020 ## - INTERNATIONAL STANDARD BOOK NUMBER | |
| ISBN | 0 86 311370 2 |
| 041 ## - LANGUAGE CODE | |
| Language code of text/sound track or separate title | eng |
| 082 ## - DEWEY DECIMAL CLASSIFICATION NUMBER | |
| Classification number | 005.131 |
| Item number | BAL/NU |
| 100 ## - MAIN ENTRY--AUTHOR NAME | |
| Personal name | Balachandrarao, S . |
| 245 ## - TITLE STATEMENT | |
| Title | Numerical methods with programs in BASIC,FORTRAN and PASCAL / |
| 250 ## - EDITION STATEMENT | |
| Edition statement | 1 / |
| 260 ## - PUBLICATION, DISTRIBUTION, ETC. (IMPRINT) | |
| Place of publication | Hyderabad : |
| Name of publisher | Universities press India Pvt Ltd , |
| Year of publication | 1992. |
| 300 ## - PHYSICAL DESCRIPTION | |
| Number of Pages | 446 ; . |
| 500 ## - GENERAL NOTE | |
| General note | 19029, 19030, 19031, CSS |
| 700 1# - ADDED ENTRY--PERSONAL NAME | |
| Personal name | Shantha, C K . |
| 942 ## - ADDED ENTRY ELEMENTS (KOHA) | |
| Koha item type | Books |
| Withdrawn status | Lost status | Damaged status | Home library | Current library | Date acquired | Full call number | Accession Number | Koha item type |
|---|---|---|---|---|---|---|---|---|
| KAUAET | 07/04/2012 | 005.131 | 19029 | Books | ||||
| KAUAET | 07/04/2012 | 005.131 | 19031 | Books | ||||
| KAUAET | 07/04/2012 | 005.131 | 19030 | Books |
